| 000 | 01019nam a2200277 i 4500 | ||
|---|---|---|---|
| 001 | 179083 | ||
| 003 | ES-MaACL | ||
| 005 | 20250822052421.0 | ||
| 008 | 110906s2009 sp |||| |dspa d | ||
| 020 | _a978-84-472-1175-3 | ||
| 080 | _a090.1 | ||
| 100 | 1 |
_aAlbero, Miguel. _9147842 |
|
| 245 | 1 | 0 |
_aEnfermos del libro _b: breviario personal de bibliopatÃas propias y ajenas / _cMiguel Albero ; prólogo de Juan Bonilla. |
| 260 |
_aSevilla : _bUniversidad de Sevilla, Secretariado de Publicaciones, _c2009. |
||
| 300 |
_a235 p. ; _c23 cm. |
||
| 490 | 1 |
_aSerie abierta ; _v61 |
|
| 650 | 7 |
_aBibliofilia _2embne _910514 |
|
| 650 | 7 |
_aLibros y lectura _2embne _9142519 |
|
| 700 | 1 |
_aBonilla, Juan, _d1966- _930179 |
|
| 710 | 2 |
_aUniversidad de Sevilla. _bSecretariado de Publicaciones. _9145422 |
|
| 830 | 0 |
_aSerie abierta ; _v61 _9224393 |
|
| 852 |
_aES-MaACL _9185952 _bR.146802 _jA-11471 _dOlim: N-4475 _cDEPO1 |
||
| 942 |
_2udc _cMONOGRAFIA |
||
| 999 |
_c179083 _d179083 |
||